Billboard Top 100 2025 - Statistics

General Stats
  • This quiz has been taken 92 times
    85 since last reset
  • The average score is 26 of 100
Answer Stats
Rank Artist Song % Correct
1 Lady Gaga & Bruno Mars Die With a Smile
94%
9 ROSE & Bruno Mars APT.
86%
12 Sabrina Carpenter Espresso
76%
7 Alex Warren Ordinary
76%
6 Benson Boone Beautiful Things
74%
2 Kendrick Lamar & SZA Luther
74%
5 Billie Eilish Birds of a Feather
62%
25 HUNTR/X: EJAE, Audrey Nuna, & REI AMI Golden
62%
10 Chappell Roan Pink Pony Club
59%
50 Sabrina Carpenter Please Please Please
59%
39 Doechii Anxiety
58%
4 Teddy Swims Lose Control
58%
17 Kendrick Lamar Not Like Us
56%
8 Post Malone ft. Morgan Wallen I Had Some Help
53%
31 Chappell Roan Good Luck, Babe!
52%
38 Sabrina Carpenter Manchild
52%
14 Gracie Abrams That's So True
52%
61 Saja Boys: Andrew Choi, Neckwav, Danny Chung, Kevin Woo, & samUIL Lee Soda Pop
50%
44 sombr Back To Friends
48%
34 Hozier Too Sweet
48%
26 Billie Eilish Wildflower
48%
59 Mariah Carey All I Want For Christmas Is You
47%
65 Wham! Last Christmas
47%
3 Shaboozey A Bar Song (Tipsy)
45%
47 Benson Boone Mystical Magical
44%
56 Lady Gaga Abracadabra
42%
19 Sabrina Carpenter Taste
42%
51 Bad Bunny DTMF
39%
28 Lola Young Messy
39%
36 Gigi Perez Sailor Song
39%
16 The Weeknd & Playboi Carti Timeless
39%
46 Tate McRae Sports Car
38%
60 Justin Bieber Daisies
35%
24 Drake Nokia
35%
15 Kendrick Lamar ft. Lefty Gunplay TV Off
35%
41 Tyler, The Creator ft. GloRilla, Sexyy Red, & Lil Wayne Sticky
32%
21 SZA ft. Kendrick Lamar 30 For 30
30%
75 Doechii Denial Is A River
30%
29 Myles Smith Stargazing
30%
93 HUNTR/X: EJAE, Audrey Nuna, & REI AMI Takedown
30%
22 Leon Thomas Mutt
29%
42 sombr Undressed
29%
54 Saja Boys: Andrew Choi, Neckwav, Danny Chung, Kevin Woo, & samUIL Lee Your Idol
27%
62 Tyler, The Creator ft. Lola Young Like Him
26%
92 Rumi & JINU: EJAE & Andrew Choi Free
24%
20 Kendrick Lamar Squabble Up
24%
27 Morgan Wallen ft. Tate McRae What I Want
24%
45 Sabrina Carpenter Bed Chem
23%
30 Ravyn Lenae Love Me Not
23%
67 Brenda Lee Rockin' Around the Christmas Tree
23%
83 HUNTR/X: EJAE, Audrey Nuna, & REI AMI What It Sounds Like
23%
98 Kehlani Folded
21%
82 Tate McRae Revolving Door
20%
37 Benson Boone Sorry I'm Here For Someone Else
20%
23 Shaboozey Good News
15%
13 Morgan Wallen I'm The Problem
15%
32 The Marias No One Noticed
15%
53 Kendrick Lamar ft. AzChike Peekaboo
15%
73 The Weeknd Cry For Me
14%
96 Lil Tecca Dark Thoughts
14%
89 Bad Bunny Nuevayol
14%
57 Jimin Who
14%
74 Teddy Swims Bad Dreams
12%
52 Jessie Murph Blue Strips
12%
91 Playboi Carti & The Weeknd Rather Lie
12%
70 Bad Bunny Baile Inolvidable
11%
58 Mariah The Scientist Burning Blue
11%
77 Bad Bunny EOO
9%
76 SZA BMF
8%
72 Morgan Wallen ft. Post Malone I Ain't Coming Back
8%
79 Jelly Roll I Am Not Okay
8%
81 Bobby Helms Jingle Bell Rock
8%
97 Don Toliver No Pole
8%
63 Chris Brown Residuals
8%
33 BigXThaPlug ft. Bailey Zimmerman All The Way
6%
84 Brandon Lake X Jelly Roll Hard Fought Hallelujah
6%
11 Morgan Wallen Love Somebody
6%
95 Hudson Westbrook House Again
5%
40 Morgan Wallen I Got Better
5%
18 Morgan Wallen Just In Case
5%
48 GloRilla & Sexyy Red Whatchu Kno About Me
5%
90 Morgan Wallen 20 Cigarettes
3%
66 Megan Moroney Am I Okay?
3%
69 Russell Dickerson Happen To Me
3%
99 Morgan Wallen Superman
3%
71 Ella Langley Weren't for the Wind
3%
35 Riley Green Worst Way
3%
94 Summer Walker Heart of a Woman
2%
55 Koe Wetzel & Jessie Murph High Road
2%
49 Sam Barber ft. Avery Anna Indigo
2%
43 Zach Top I Never Lie
2%
86 Jelly Roll Liar
2%
100 Neton Vega Loco
2%
64 Morgan Wallen Smile
2%
85 PARTYNEXTDOOR, Drake, & Cash Cobain Somebody Loves Me
2%
88 Thomas Rhett After All The Bars Are Closed
0%
80 Bailey Zimmerman & Luke Combs Backup Plan
0%
68 HUNTR/X: EJAE, Audrey Nuna, & REI AMI Hot It's Done
0%
78 Cody Johnson & Carrie Underwood I'm Gonna Love You
0%
87 Oscar Maydon & Fuerza Regida Tu Boda
0%
No matching quizzes found
Score Distribution
Percent of People with Each Score
Percentile by Number Answered
Your Score History
You have not taken this quiz since the last reset